000 00594cam a22002173a 4500
001 27517
003 PGUSA
005 20140828083608.0
008 081213s2008||||xxu|||||s|||||000 | eng d
040 _aPGUSA
_beng
042 _adc
050 4 _aHQ
245 1 0 _aEqual Suffrage in Australia
_h[electronic resource] /
_cVarious
260 _bProject Gutenberg,
_c2008
506 _aPublic domain in the USA.
516 _aElectronic text
653 _aWomen -- Suffrage -- Australia
830 0 _aProject Gutenberg
_v27517
856 4 0 _uhttp://www.gutenberg.org/ebooks/27517
942 _cEB
999 _c256772
_d256772